000 00551nam a2200169Ia 4500
005 20250923145836.0
008 008 250917s9999 xx 000 0 eng d
037 _aTextual
040 _aDSWL
_beng
_cDSWL
041 _aeng
_2eng
084 _aYX,Z1-z4;6-J3.Zr, N90;1
_qDSWL
245 0 _aWorkshop on minimum standard's in child care institutions. Report 5-7 March
_c by N.I.P.C.C.D.
260 _aNew Delhi
_b N.I.P.C.C.D.
_c1990
300 _axi,185p.
942 _cTEXL
_hYX,Z1-z4;6-J3.Zr, N90;1
999 _c1456383
_d1456383